[Event "Wch U16 Girls rapid"]
[Site "Batumi"]
[Date "2023.06.08"]
[Round "8"]
[White "Hayrapetyan, Nvard"]
[Black "Guo, Ella"]
[Result "0-1"]
[WhiteElo "1598"]
[BlackElo "1505"]
[PlyCount "59"]
[EventDate "2023.06.06"]
[EventType "swiss (rapid)"]
[EventRounds "11"]
[EventCountry "GEO"]
[SourceTitle "EXT 2024"]
[Source "ChessBase"]
[SourceDate "2023.10.10"]
[SourceVersion "1"]
[SourceVersionDate "2023.10.10"]
[SourceQuality "1"]
[WhiteTeam "Armenia"]
[BlackTeam "United States"]
[WhiteTeamCountry "ARM"]
[BlackTeamCountry "USA"]

1. d4 d5 2. c4 c6 3. Nf3 Nf6 4. Nc3 e6 5. Bg5 Nbd7 6. e3 Be7 7. Qc2 b6 8. cxd5 exd5 9. Bd3 Bb7 10. 0-0 0-0 11. Rab1 h6 12. Bxf6 Nxf6 13. b4 Rc8 14. Qa4 Ra8 15. Ne5 Qe8 16. Rfc1 Bd6 17. Nf3 Ne4 18. Ne2 Qe7 19. Rc2 Rfc8 20. Qb3 Rab8 21. Qa4 Ra8 22. a3 a5 23. Qb3 axb4 24. axb4 Ra7 25. Ng3 Nxg3 26. hxg3 Rca8 27. Bf1 Ra4 28. b5 Rb4 29. bxc6 Bc8 30. Qxb4 0-1